Le développement d’une enseigne de distribution dans un marché très concurrentiel : Les raisons du succès de The Phone House (notice n° 1587975)

détails MARC
000 -LEADER
fixed length control field 00908cam a2200169 4500500
005 - DATE AND TIME OF LATEST TRANSACTION
control field 20251228061935.0
041 ## - LANGUAGE CODE
Language code of text/sound track or separate title fre
042 ## - AUTHENTICATION CODE
Authentication code dc
100 10 - MAIN ENTRY--PERSONAL NAME
Personal name Fontaine, Isabelle
Relator term author
245 00 - TITLE STATEMENT
Title Le développement d’une enseigne de distribution dans un marché très concurrentiel : Les raisons du succès de The Phone House
260 ## - PUBLICATION, DISTRIBUTION, ETC.
Date of publication, distribution, etc. 2005.<br/>
500 ## - GENERAL NOTE
General note 6
520 ## - SUMMARY, ETC.
Summary, etc. Si les préceptes de stratégie-marketing soulignent l’importance de la cohérence entre discours et pratiques, le marketing n’hésite pas à les dissocier lorsqu’il dispose d’une faible marge de manœuvre pratique, quitte à se mettre en scène et à se brocarder lui-même.
700 10 - ADDED ENTRY--PERSONAL NAME
Personal name Roux de Bézieux, Geoffroy
Relator term author
786 0# - DATA SOURCE ENTRY
Note Décisions Marketing | 37 | 1 | 2005-01-01 | p. 81-83 | 0779-7389
856 41 - ELECTRONIC LOCATION AND ACCESS
Uniform Resource Identifier <a href="https://shs.cairn.info/revue-decisions-marketing-2005-1-page-81?lang=fr&redirect-ssocas=7080">https://shs.cairn.info/revue-decisions-marketing-2005-1-page-81?lang=fr&redirect-ssocas=7080</a>

Pas d'exemplaire disponible.

PLUDOC

PLUDOC est la plateforme unique et centralisée de gestion des bibliothèques physiques et numériques de Guinée administré par le CEDUST. Elle est la plus grande base de données de ressources documentaires pour les Étudiants, Enseignants chercheurs et Chercheurs de Guinée.

Adresse

627 919 101/664 919 101

25 boulevard du commerce
Kaloum, Conakry, Guinée

Réseaux sociaux

Powered by Netsen Group @ 2025